Rebelión en los asuntos indígenas
محفوظ في:
| التنسيق: | نص |
|---|---|
| الوسوم: |
إضافة وسم
لا توجد وسوم, كن أول من يضع وسما على هذه التسجيلة!
|
MARC
| LEADER | 00000 a a2200000 04500 | ||
|---|---|---|---|
| 001 | 1324 | ||
| 003 | |||
| 040 | |||
| 245 | |a Rebelión en los asuntos indígenas | ||
| 773 | |g número 28; páginas 16 | ||
| 999 | |c 21128 |d 21128 | ||
